EÚ ako aktér medzinárodných vzťahov. Niektoré teoretické aspekty

EÚ je špecifickým aktérom medzinárodných vzťahov, ktorý ovplyvňuje a formuje svoje bližšie i vzdialenejšie prostredie prevažne hospodárskymi, diplomatickými a normatívnymi prostriedkami. Je teda civilným aktérom, resp. civilnou veľmocou, ktorá po skončení studenej vojny využíva širší priestor pre pr...

ver descrição completa

Na minha lista:
Detalhes bibliográficos
Autor principal: Kurucz, Milan, 1954-
Formato: Capítulo de Livro
Idioma:eslovaco
Assuntos:
Tags: Adicionar Tag
Sem tags, seja o primeiro a adicionar uma tag!

MARC

LEADER 00000nla a2200000 4500
001 0166751
005 20240502072914.8
041 0 |a slo 
044 |a SK 
245 1 0 |a EÚ ako aktér medzinárodných vzťahov. Niektoré teoretické aspekty  |c Milan Kurucz 
520 |a EÚ je špecifickým aktérom medzinárodných vzťahov, ktorý ovplyvňuje a formuje svoje bližšie i vzdialenejšie prostredie prevažne hospodárskymi, diplomatickými a normatívnymi prostriedkami. Je teda civilným aktérom, resp. civilnou veľmocou, ktorá po skončení studenej vojny využíva širší priestor pre presadzovanie alternatívneho modelu medzinárodnej spolupráce preferujúcej spoluprácu namiesto konfrontácie. EÚ ani po rozpade bipolarity nie je strategickým konkurentom USA a rešpektuje jeho postavenie ako superveľmoci a hegemóna. Budúcnosť EÚ ako civilnej veľmoci. 
610 2 0 |a Európska únia 
610 2 0 |a vzťahy medzinárodné 
610 2 0 |a politika zahraničná 
100 1 |a Kurucz, Milan, 1954-